000 00749nam a2200193Ia 4500
003 GCL
008 140319s9999 xx 000 0 ara d
040 _aGCL /
_cGCL
082 0 4 _a251.222
_bف ص
100 1 _aالفريابى : ابو بكر جعفر بن محمد بن الحسن بن المستفاض التركى
245 1 0 _aصفة النفاق وذم المنافقين /
_cالفريابى : ابو بكر جعفر بن محمد بن الحسن بن المستفاض التركى
260 _a[S.N] :
_bدار الكتب العلمية للنشر والتوزيع ،
_c1985
300 _a72 ص
490 _a
650 0 4 _aالاسلام
650 0 4 _aالاخلاق الاسلامية
650 0 4 _aالنفاق
942 _2ddc
_cBK
999 _c32407
_d32407